| 000 | 00526nam a22001697a 4500 | ||
|---|---|---|---|
| 003 | PILC | ||
| 005 | 20150112093434.0 | ||
| 008 | 130222t xxu||||| |||| 00| 0 eng d | ||
| 020 | _a0340658274 | ||
| 050 |
_aPC 2121 _b.N765 1996 |
||
| 082 |
_aLnSF 448.002 _bN68 1996 |
||
| 100 |
_a Noel , Marie-France _914732 |
||
| 245 |
_aFrench for hospitality and catering studies / _cMarie-France Noel and Vicky Davies |
||
| 260 |
_aLondon _bHodder & Stoughton _c1996. |
||
| 300 |
_a223 pages : _billustration ; _c25 cm. |
||
| 942 |
_2lcc _cBK |
||
| 999 |
_c14489 _d14489 |
||